| 000 | 00383nam a22001217a 4500 | ||
|---|---|---|---|
| 082 | _a220 PRO | ||
| 100 |
_aMuhammad Umair Ashraf Khan, Saher Sajid _972079 |
||
| 245 | _aPR-SOF-1486-SMART NANOGRID CONTROLLER FOR OPTIMIZED POWER SUPPLY | ||
| 260 |
_aISLAMABAD _bNUST COLLEGE OF EME _c2015 |
||
| 650 | _aDE-COMP-33 | ||
| 700 |
_aDr.Shoab A. Khan, Sajid Gul Khawaja _972080 |
||
| 942 | _cCR | ||
| 999 |
_c578271 _d578271 |
||